Online
Catalog

Raza de bronce : (Record no. 9816)

MARC details
000 -CABECERA
campo de control de longitud fija 00995cam a2200301 a 4500
001 - NÚMERO DE CONTROL
campo de control 000010057
005 - FECHA Y HORA DE LA ÚLTIMA TRANSACCIÓN
campo de control 20200929161825.0
008 - DATOS DE LONGITUD FIJA--INFORMACIÓN GENERAL
campo de control de longitud fija 900411s1988 fr a b 000 1 spa
020 ## - NÚMERO INTERNACIONAL ESTÁNDAR DEL LIBRO
Número Internacional Estándar del Libro 8400068971
035 ## - NÚMERO DE CONTROL DEL SISTEMA
Número de control de sistema (DLC) 90143635
040 ## - FUENTE DE LA CATALOGACIÓN
Centro catalogador/agencia de origen DO-SdBNP
Centro/agencia transcriptor DLC
082 ## - NÚMERO DE LA CLASIFICACIÓN DECIMAL DEWEY
Número de clasificación B863.42
Número de documento/Ítem A694r
049 ## - FONDOS LOCALES (OCLC)
Fondos de biblioteca BNGR
100 1# - ENTRADA PRINCIPAL--NOMBRE DE PERSONA
Nombre de persona Arguedas, Alcides,
Fechas asociadas al nombre 1879-1946.
9 (RLIN) 25031
245 10 - MENCIÓN DE TÍTULO
Título Raza de bronce :
Resto del título Wuata Wuara /
Mención de responsabilidad, etc. Alcides Arguedas ; edición crítica Antonio Lorente Medina.
260 ## - PUBLICACIÓN, DISTRIBUCIÓN, ETC.
Lugar de publicación, distribución, etc. Nanterre, France :
Nombre del editor, distribuidor, etc. ALLCA XX,
Fecha de publicación, distribución, etc. 1988.
300 ## - DESCRIPCIÓN FÍSICA
Extensión xxxvi, 572 p. :
Otras características físicas il. ;
Dimensiones 24 cm.
490 1# - MENCIÓN DE SERIE
Mención de serie Archivos
Designación de volumen o secuencia 11
504 ## - NOTA DE BIBLIOGRAFÍA, ETC.
Nota de bibliografía, etc. Bibliografías: p. 567-572.
650 #4 - PUNTO DE ACCESO ADICIONAL DE MATERIA--TÉRMINO DE MATERIA
Término de materia o nombre geográfico como elemento de entrada Novela boliviana
9 (RLIN) 25032
650 #4 - PUNTO DE ACCESO ADICIONAL DE MATERIA--TÉRMINO DE MATERIA
Término de materia o nombre geográfico como elemento de entrada Literatura boliviana
Subdivisión cronológica SIGLO XX
9 (RLIN) 25033
700 1# - PUNTO DE ACCESO ADICIONAL--NOMBRE DE PERSONA
Nombre de persona Lorente Medina, Antonio.
9 (RLIN) 24746
700 1# - PUNTO DE ACCESO ADICIONAL--NOMBRE DE PERSONA
Nombre de persona Arguedas, Alcides,
Fechas asociadas al nombre 1879-1946.
Título de la obra Wuata Wuara.
Fecha de publicación/de la obra 1919.
9 (RLIN) 25034
740 0# - PUNTO DE ACCESO ADICIONAL--TÍTULO RELACIONADO O ANALÍTICO NO CONTROLADO
Título relacionado o analítico no controlado Raza de bronce.
740 0# - PUNTO DE ACCESO ADICIONAL--TÍTULO RELACIONADO O ANALÍTICO NO CONTROLADO
Título relacionado o analítico no controlado Wuata Wuara.
830 #0 - PUNTO DE ACCESO ADICIONAL DE SERIE-TÍTULO UNIFORME
Título uniforme Archivos ;
Designación de volumen o secuencia 11
9 (RLIN) 14634
910 ## - DATOS DE OPCIÓN DEL USUARIO (OCLC)
Datos de opción del usuario Catalogación por copia / LC
Holdings
Estado de retiro Estado de pérdida Restricciones de uso No para préstamo Código de colección Localización permanente Ubicación/localización actual Ubicación en estantería Fecha de adquisición Número de inventario Total de préstamos Signatura topográfica completa Código de barras Fecha visto por última vez Precio válido a partir de Tipo de ítem Koha
    Préstamo interno   Monografías: Libros y Folletos General General En catalogación 02.10.2009 LF1   B863.42 A694r 10057-10 25.06.2020 25.06.2020 Préstamo interno

Powered by Koha